Balatro Jokers - Sudden Death - Statistics

General Stats
  • This quiz has been taken 495 times
  • The average score is 11 of 14
Answers on the Grid
Answers color-coded by a green-red scale on the quiz's grid according to % correct below.
Superposition
Four Fingers
Tree of Youth
Redeemer
Juggler
Chaos Theory
Cavendish
Vagabond
Clock
Erosion
Canvas
Blueprint
Brainstorm
Exodia
Chicot
Crustacean
Perkeo
Mime
Pot of Jokes
Mr. Bones
Oops! All 6s
Scissors
Bullet
Hack
Landlord
 
Answer Stats
Answer % Correct
Four Fingers
86%
Cavendish
84%
Blueprint
83%
Vagabond
83%
Juggler
82%
Brainstorm
80%
Perkeo
79%
Superposition
79%
Chicot
78%
Mime
78%
Hack
77%
Mr. Bones
77%
Oops! All 6s
75%
Erosion
69%
No matching quizzes found
Score Distribution
Percent of People with Each Score
Percentile by Number Answered
Your Score History
You have not taken this quiz